00289cam a22000977a 4500008004000000082001900040100002100059245006100080260004000141300001000181180718b1982 xxu||||| |||| 00| 0 eng d aB235x54 Sh23/2 aSharma, Rambilas aBharat main angrezi raj aur marxwaadcby Rambilas Sharma aNew delhibRajkamal Prakashanc1982 a583p.